000 00726 a2200181 4500
008 080820t xxu||||| |||| 00| 0 eng d
010 _aENG-84817
020 _a8170944368
_c190.00
035 _aEN-68350
082 _a332.064203
100 _aShroff, Praveen N.
245 _aThe Dictionary of stock market
_bguide to Dalal street money-talk
_cby Praveen N. Shroff
260 _aNew Delhi
_bVision Books,
_c2006
300 _a216 p.
_c21cm (Pbk)
650 _aStock-exchange
_xDictionaries.
942 _adpl
_k332.64203 / SHR
_cEN
_2ddc
_h332.64203
_m SHR
999 _c474
_d474